Human Rights in Uganda : (Record no. 5968)
[ view plain ]
| 000 -LEADER | |
|---|---|
| fixed length control field | 00452nam a22001577a 4500 |
| 005 - DATE AND TIME OF LATEST TRANSACTION | |
| control field | 20260203124849.0 |
| 008 - FIXED-LENGTH DATA ELEMENTS--GENERAL INFORMATION | |
| fixed length control field | 260203b |||||||| |||| 00| 0 eng d |
| 020 ## - INTERNATIONAL STANDARD BOOK NUMBER | |
| International Standard Book Number | 9789970025961 |
| 040 ## - CATALOGING SOURCE | |
| Original cataloging agency | KABLIB |
| Transcribing agency | KABLIB |
| 082 ## - DEWEY DECIMAL CLASSIFICATION NUMBER | |
| Edition number | 23 |
| Classification number | 342.6761 |
| Item number | SEW |
| 100 ## - MAIN ENTRY--PERSONAL NAME | |
| Personal name | Sewanyana ,Livingstone |
| 9 (RLIN) | 15048 |
| 245 ## - TITLE STATEMENT | |
| Title | Human Rights in Uganda : |
| Remainder of title | the illusive promise / |
| Statement of responsibility, etc. | Livingstone Sewanyana |
| 300 ## - PHYSICAL DESCRIPTION | |
| Extent | ix,262p. ; |
| Dimensions | 25cm |
| 650 ## - SUBJECT ADDED ENTRY--TOPICAL TERM | |
| Topical term or geographic name entry element | Human rights |
| 942 ## - ADDED ENTRY ELEMENTS (KOHA) | |
| Source of classification or shelving scheme | Dewey Decimal Classification |
| Koha item type | Book |
| Withdrawn status | Lost status | Source of classification or shelving scheme | Damaged status | Not for loan | Home library | Current library | Shelving location | Date acquired | Source of acquisition | Total Checkouts | Full call number | Barcode | Date last seen | Price effective from | Koha item type |
|---|---|---|---|---|---|---|---|---|---|---|---|---|---|---|---|
| Dewey Decimal Classification | Mukombe Library | Mukombe Library | Open Access Section | 03.02.2026 | purchased | 342.6761 SEW | 14051 | 03.02.2026 | 03.02.2026 | Book | |||||
| Dewey Decimal Classification | Mukombe Library | Mukombe Library | Open Access Section | 03.02.2026 | purchased | 342.6761 SEW | 14052 | 03.02.2026 | 03.02.2026 | Book | |||||
| Dewey Decimal Classification | Mukombe Library | Mukombe Library | Open Access Section | 03.02.2026 | purchased | 342.6761 SEW | 14053 | 03.02.2026 | 03.02.2026 | Book |